000 02026nam0a2200361 4500
001 RU\NLR\BIBL_A\022689852
005 20260420061635.0
010 _a978-5-6053663-2-4
_9500
021 _aRU
_bКН-П-25-062333
_9КН-П-25-6025
035 _a(NLR Aleph) 022689852
090 _a13687137
_c13687137
100 _a20251217d2025 k y0rusy50 ca
101 0 _arus
102 _aRU
105 _aa z 000yy
181 0 _ai4
_baxxe
182 0 _an
200 1 _aБанки и конкуренция
_eматериалы "Открытой дискуссии президента АРБ", академика РАН Г.А. Тосуняна 19 сентября 2024 года
_fНКС ООН РАН, АРБ, НИИ ДДиП
_gпод общей редакцией академика РАН Г. А. Тосуняна
203 _aТекст
_bвизуальный
_cнепосредственный
210 _aМосква
_cНовые печатные технологии
_d2025
215 _a99 с.
_cил., табл.
_d21
606 1 _aКонкуренция
_yРоссийская Федерация
_92083167
_3RU\NLR\AUTH\661259216
606 1 _aБанки
_yРоссийская Федерация
_92077670
_3RU\NLR\AUTH\661253351
686 1 _aУ9(2)-13(2Р)
686 1 _aУ26(2)210(2Р)
702 1 _4340
_7ca
_8rus
_aТосунян
_bГ. А.
_f1955-
_gГарегин Ашотович
_93341
_3RU\NLR\AUTH\7720273
711 0 2 _aАссоциация российских банков
_bОткрытая дискуссия президента
_cМосква
_f2024, сентябрь
_92692011
_3RU\NLR\AUTH\880637146
712 0 2 _4570
_aРоссийская академия наук
_bНаучно-консультативный совет по правовым, психологическим и социально-экономическим проблемам общества
_9775283
_3RU\NLR\AUTH\880554339
942 _cBOOK
980 _aNB